Promenade a Angkor / (Record no. 1520)

MARC details
000 -LEADER
fixed length control field 01271nam a22003257a 4500
001 - CONTROL NUMBER
control field 1520
003 - CONTROL NUMBER IDENTIFIER
control field FISKH
005 - DATE AND TIME OF LATEST TRANSACTION
control field 20231002085115.0
008 - FIXED-LENGTH DATA ELEMENTS--GENERAL INFORMATION
fixed length control field 230901b cb ||||| |||| 00| 0 eng d
020 ## - INTERNATIONAL STANDARD BOOK NUMBER
International Standard Book Number 9789924340584
040 ## - CATALOGING SOURCE
Original cataloging agency FISKH
Language of cataloging eng
Transcribing agency FISKH
Modifying agency FISKH
082 ## - DEWEY DECIMAL CLASSIFICATION NUMBER
Classification number 959.6
100 ## - MAIN ENTRY--PERSONAL NAME
Personal name Mengcheang, Sungheng
245 ## - TITLE STATEMENT
Title Promenade a Angkor /
Remainder of title Les secrets d'Angkor :
Statement of responsibility, etc. rédigé par Sun Heng Meng Chheang - Huot Sarith - Khuon Vichheka
260 ## - PUBLICATION, DISTRIBUTION, ETC.
Place of publication, distribution, etc. Phnom Penh :
Name of publisher, distributor, etc. Sipar,
Date of publication, distribution, etc. 2020
300 ## - PHYSICAL DESCRIPTION
Extent 51 pages :
Other physical details 21 cm
490 ## - SERIES STATEMENT
Materials specified jevoudrais savoir
Volume/sequential designation volume 2
505 ## - FORMATTED CONTENTS NOTE
Formatted contents note Z'
520 ## - SUMMARY, ETC.
Summary, etc. Beside Angkor Wat and Bayon guides readers to know many places in Angkor Archaeological sites from Kulen mountain downwards. Each place provides historical evidence to show the duty of architecture. Moreover, it briefs about temple conservation and historical excavation.
521 8# - TARGET AUDIENCE NOTE
Target audience note 1000 <br/>
Source Lexile
521 8# - TARGET AUDIENCE NOTE
Target audience note Z' <br/>
Source Raz-Plus
650 ## - SUBJECT ADDED ENTRY--TOPICAL TERM
Source of heading or term Archaeological
Form subdivision Evidence
General subdivision Architecture
Chronological subdivision Conservation
700 ## - ADDED ENTRY--PERSONAL NAME
Personal name Sarith, Huot
Relator term author
700 ## - ADDED ENTRY--PERSONAL NAME
Personal name Vichheka, Khuon
Relator term author
700 ## - ADDED ENTRY--PERSONAL NAME
Personal name Sovanrith, Khun
Relator term illustrator
700 ## - ADDED ENTRY--PERSONAL NAME
Personal name Rotha, Ouk
Relator term illustrator
700 ## - ADDED ENTRY--PERSONAL NAME
Personal name Visal, Seng
Relator term illustrator
700 ## - ADDED ENTRY--PERSONAL NAME
Personal name Visoth, Seng
Relator term illustrator
942 ## - ADDED ENTRY ELEMENTS (KOHA)
Source of classification or shelving scheme Dewey Decimal Classification
Koha item type Books
Suppress in OPAC No
Holdings
Withdrawn status Lost status Source of classification or shelving scheme Damaged status Not for loan Collection Home library Current library Shelving location Date acquired Total Checkouts Full call number Barcode Date last seen Copy number Price effective from Koha item type
    Dewey Decimal Classification     Non-Fiction Footprints International School Library Network Toul Kork Campus Footprints International School Library Network Toul Kork Campus TK Floor 4 Rear Hallway Shelf 1 (Adult/Secondary Foriegn Language/Khmer) 09/01/2023   CHH 708 2023-0446 09/01/2023 1 09/01/2023 Books
    Dewey Decimal Classification     Non-Fiction Footprints International School Library Network Toul Kork Campus Footprints International School Library Network Toul Kork Campus TK Floor 4 Rear Hallway Shelf 1 (Adult/Secondary Foriegn Language/Khmer) 09/01/2023   CHH 708 2023-0447 09/01/2023 2 09/01/2023 Books